00321nam a2200121Ia 4500008004100000041000800041082001700049100002100066245002600087260004400113300003100157365001100188240624s9999 xx 000 0 und d aeng a658.4052 AUB aAUBUCHON NORBERT aANATOMY OF PERSUASION c2007aNew DelhibPrentice-Hall of India axii, : 193 : p. : cm. ; 23 cRSb36